| 000 | 01366cam a22003617a 4500 | ||
|---|---|---|---|
| 003 | CHAP | ||
| 005 | 20220329142700.0 | ||
| 008 | 021009d2002 mx d r 00110 spa d | ||
| 010 | _a86454 | ||
| 011 | _a87426 | ||
| 035 | _a97969 | ||
| 040 | _cCHAP | ||
| 090 | _aTesis | ||
| 100 | 0 | 0 |
_aGonzález Anaya, Alejandro. _948677 |
| 245 | 1 | 0 |
_aConcentraciones séricas de calcio beta-hidroxibutirato en el postparto temprano de vacas Jersey _c/por Alejandro González Anaya |
| 260 |
_aSoledad de Graciano Sánchez, S. L. P. : _bEl autor, _c2002 |
||
| 300 |
_a47 h. : _bgráfs. ; cuadros |
||
| 502 | _aTesis (Ing. Agr. Zootecnista) -- Universidad Autónoma de San Luis Potosí. Facultad de Agronomía | ||
| 590 |
_aALEPH _b10 _c20130110 _lUCH01 _h1450 |
||
| 590 |
_aBATCH-UPD _b10 _c20130110 _lUCH01 _h0530 |
||
| 590 |
_aBATCH-UPD _b10 _c20130110 _lUCH01 _h2319 |
||
| 590 |
_aBATCH-UPD _b10 _c20130410 _lUCH01 _h0210 |
||
| 590 |
_aBATCH-UPD _b10 _c20130410 _lUCH01 _h1609 |
||
| 590 |
_aBATCH-UPD _b10 _c20130914 _lUCH01 _h0929 |
||
| 590 |
_aCONVERSION _b10 _c20130109 _lUCH01 _h1348 |
||
| 650 | 1 | 4 |
_aCalcio en nutrición animal. _917340 |
| 650 | 1 | 4 |
_aGanado lechero _xEnfermedades. _945260 |
| 650 | 1 | 4 |
_aGanado vacuno _xReproducción. _945510 |
| 901 | _aBK | ||
| 905 | _aMarco A. Mendoza T. | ||
| 942 | _cTESIS | ||
| 949 |
_aTesis _bBC _cTES _d979691 _eTS1 _gDonaciØn _h40140 _i97969 _sb |
||
| 999 |
_c86454 _d86454 |
||